Treaty of amity, commerce, and navigation, between his Britannic Majesty, and the United States of America : conditionally ratified by the Senate of the United States, at Philadelphia, June 24, 1795, to which is annexed a copious appendix.

Bibliographic Details
Uniform Title:Provisional Articles of Peace Between Great Britain and the United States
Corporate Author: United States
Format: Book
Language:English
Published: Philadelphia : Mathew Carey, 1795.
Edition:2d ed.
Subjects:

MARC

Tag First Indicator Second Indicator Subfields
LEADER 00000cam a2200000 i 4500
001 in00000023432
005 20151007064429.0
008 780718s1795 kyu b 00000 eng d
035 |a (OCoLC)04062310 
035 |9 AAD9813AM 
040 |a DLC  |c RRR  |d RRR  |d TXA  |d UtOrBLW 
049 |a TXAI 
099 |a fiche  |a C  |a 2038 
130 0 |a Provisional Articles of Peace Between Great Britain and the United States  |d (1782 November 30) 
245 1 0 |a Treaty of amity, commerce, and navigation, between his Britannic Majesty, and the United States of America :  |b conditionally ratified by the Senate of the United States, at Philadelphia, June 24, 1795, to which is annexed a copious appendix. 
250 |a 2d ed. 
264 1 |a Philadelphia :  |b Mathew Carey,  |c 1795. 
300 |a 190 pages ;  |c 22 cm. 
336 |a text  |b txt  |2 rdacontent 
337 |a microform  |b h  |2 rdamedia 
338 |a microfiche  |b he  |2 rdacarrier 
500 |a Microfiche. Louisville, Ky. : Lost Cause Press, 1977. -- 6 sheets ; 10.5 x 14.8 cm. -- (Sabin, Joseph, 1821-1881. [Bibliotheca Americana] Selected Americana. [Microfiche edition]) -- (Fiche book). 
500 |a "Sabin: 96580." 
500 |a "Copied from the original in the Library of Congress." 
500 |a Microform. 
630 0 0 |a Jay's treaty, 1794. 
651 0 |a Great Britain  |x Foreign relations  |z United States. 
651 0 |a United States  |x Foreign relations  |z Great Britain. 
710 1 |a United States.  |t Treaties, etc., 1789-1797 (Washington) 
999 |a MARS 
999 f f |s cfc2ca28-d76d-3b34-810b-fe927c99cc66  |i 294ca08a-8372-3ccc-a9e1-8fb9e7537cf2  |t 0 
952 f f |p normal  |a Texas A&M University  |b College Station  |c Sterling C. Evans Library  |d Evans: Microforms (3rd floor)  |t 0  |e fiche C 2038  |h Other scheme  |i microform -- microfiche  |m A14820792632 
998 f f |a fiche C 2038  |t 0  |l Evans: Microforms (3rd floor)